000 00488nmm a2200181Ia 4500
008 251105s9999||||xx |||||||||||||||||und||
020 _a9788416542352
041 _aspa
100 _aLem, Stanislaw
245 0 _aAstronautas
264 _a[Madrid, España] :
_bImpedimenta,
_c2016
300 _a408 páginas
650 _aScience fiction & Fantasy
700 _aLem, Stanislaw
700 1 _a Murcia, Abel
856 _uhttps://public.digitaliapublishing.com/a/50513
942 _cCF
999 _c67758
_d67758